000 00221nam a22000857a 4500
008 160818b xxu||||| |||| 00| 0 eng d
100 _9171
_a Malhotra, S.S
245 _aMental Mathematics - 5
260 _aNew Delhi
_b Holy Faith
999 _c2829
_d2829